000 00831cam a22002651i 4500
001 he 66000166
003 DLC
005 20260227111435.0
008 861009s1955 ag 000 0 yid
010 _ahe 66000166
035 _a(OCoLC)19303775
040 _aDLC
_cMH
_dDLC
042 _apremarc
050 0 0 _aD810.J4
_bB6
100 1 _aBorwicz, Michał.
245 1 0 _aArishe papirn /
_chagdome: Yaḳov Paṭ.
260 _aBuenos Ayres :
_bTsenṭral-farband fun Poylishe Yidn in Argenṭine,
_c715, 1955.
300 _a3 v. :
_bport. ;
_c21 cm.
490 0 _aDos Poylsihe Yidnṭum ;
_vbd. 105-107
500 _aAdded t.p.: Documentos "arios."
650 0 _aWorld War, 1939-1945
_xPersonal narratives, Jewish.
700 1 _aPat, Jacob,
_d1890-1966.
740 0 _aDocumentos arios.
752 _aArgentina
_dBuenos Aires
999 _c31465
_d31465